Evaluación trans-formativa: el poder transformador de la evaluación formativa
Salvato in:
| Autore principale: | |
|---|---|
| Natura: | Libro |
| Lingua: | spagnolo |
| Pubblicazione: |
Madrid
Narcea S. A
2013
|
| Edizione: | 1a. ed |
| Soggetti: | |
| Tags: |
Aggiungi Tag
Nessun Tag, puoi essere il primo ad aggiungerne!!
|
MARC
| LEADER | 00000cam a2200000 a 4500 | ||
|---|---|---|---|
| 001 | UCD0509 | ||
| 003 | CL-VaPUC | ||
| 008 | 151204e20130000sp |||||||||||||||||spa|d | ||
| 020 | |a 9788427719125 | ||
| 082 | 0 | 4 | |a 371.262 |b POP |2 21 |
| 100 | 0 | |a Popham W., James |e author |9 583477 | |
| 245 | 1 | 0 | |a Evaluación trans-formativa: el poder transformador de la evaluación formativa |
| 250 | |a 1a. ed | ||
| 300 | |a 109 p | ||
| 942 | |c BK | ||
| 945 | |d 20151204 12:43:00 |a dcastane | ||
| 260 | |a Madrid |b Narcea S. A |c 2013 | ||
| 650 | 0 | |a Evaluación de la educación |9 237505 | |
| 650 | 0 | |a Investigación educacional |9 261192 | |
| 650 | 0 | |a Modelos educacionales |9 339132 | |
| 583 | |a last modification |c 20151204 12:43:00 |k Rodrigo Vera | ||
| 999 | |c 362010 |d 362008 | ||
| 952 | |0 0 |1 0 |3 erb |4 0 |6 371_262000000000000_POP_2013 |7 0 |8 A |9 472828 |a BIBEDU |b BIBEDU |i 5254299 |l 4 |o 371.262 POP 2013 |p 5254299 |r 2024-12-02 |s 2024-11-26 |w 2019-11-24 |y BK |z Catalogado en:20151204 |k EPE | ||
| 952 | |0 0 |1 0 |3 erb |4 0 |6 371_262000000000000_POP_2013 |7 0 |8 A |9 472829 |a BIBEDU |b BIBEDU |i 5254280 |l 3 |o 371.262 POP 2013 |p 5254280 |r 2024-11-25 |s 2024-11-18 |w 2019-11-24 |y BK |z Catalogado en:20151204 |k EPE | ||
| 952 | |0 0 |1 0 |3 erb |4 0 |6 371_262000000000000_POP_2013 |7 0 |8 A |9 472830 |a BIBEDU |b BIBEDU |i 5254272 |l 5 |m 2 |o 371.262 POP 2013 |p 5254272 |r 2023-09-26 |s 2023-09-20 |w 2019-11-24 |y BK |z Catalogado en:20151204 |k EPE | ||
| 952 | |0 0 |1 0 |3 erb |4 0 |6 371_262000000000000_POP_2013 |7 0 |8 A |9 472831 |a BIBTEO |b BIBTEO |i 5468051 |o 371.262 POP 2013 |p 5468051 |r 2025-01-17 |w 2019-11-24 |y BK |z Catalogado en:20180427 |k ICR | ||